000
00305nam a22001337a 4500
020
_a
81-7473-062-1
041
_a
ENG
100
_a
Griffin R.W
245
_a
Management Griffin
_c
5th ED
260
_a
Delhi
_b
A.I.T.B.S. Publishers & Distributors
_c
1998
300
_a
764
650
_a
GAE
856
_u
GAE
999
_c
544
_d
544